000 00361nam a2200145Ia 4500
008 230917s9999||||xx |||||||||||||| ||und||
040 _e75084
_aMAIN
041 _aEnglish
082 _a658.0954 T367M
100 _aThomas, T
245 0 _aManaging a business in India
260 _aNew Delhi
_bAllied Publishers
_c1981
300 _avi, 252 p.
942 _cBK
999 _c224747
_d224747